000
00283nam a22001217a 4500
008
170602b xxu||||| |||| 00| 0 eng d
041
_a
eng
080
_a
94(7/8)
100
_a
17
101
_a
SHH
245
_a
HISTORY OF UNITED STATES FOREIGN POLICY
_c
PRATT, J.W
942
_2
udc
_c
BK
999
_c
15759
_d
15759